Statystyki dla Największe miasta w Australii

Kliknij tutaj aby rozwiązać quiz!

Ogólne statystyki

  • Ten quiz został rozwiązany 343 razy
  • Średni wynik to 5 z 10

Statystyki odpowiedzi

HintOdpowiedź% Poprawnych
4 840 600Sydney
99%
381 488Canberra
89%
4 440 300Melbourne
89%
2 021 200Perth
83%
2 274 600Brisbane
69%
1 304 600Adelaide
62%
591 473Gold Coast
20%
308 308Newcastle
17%
270 770Sunshine Coast
6%
292 190Wollongong
6%

Rozkład punktacji

Percentyl według liczby udzielonych odpowiedzi

Procent ludzi z każdym wynikiem

Twoja historia wyników

Nie rozwiązałeś tego quizu